Music Quiz

Random Music or Song Quiz

Movies in Song Lyrics II Quiz Stats

 Plays Quiz Updated Jul 26, 2018

Challenge
Share
Tweet
Embed
Score 0/30 Timer 09:00
51 Plays Today
% Correct
Moonlight
89.6%
The Birds
87.9%
Crash
85.8%
Pretty Woman
85.2%
Scream
85%
True Romance
82%
Wanted
81.9%
Loving
81.2%
Out of Sight
80.6%
Casino
80.4%
Lost in Space
79.2%
Brave
78.1%
Sideways
77.4%
Big
76.8%
Nashville
75.3%
% Correct
Taken
74.7%
Election
73.9%
Fences
73.1%
Speed
72.3%
Manhattan
72%
Silence
71.4%
The King and I
70.7%
Passengers
69.7%
Ice Age
69%
Alien
66.8%
Unbreakable
59.1%
Rush Hour
54.1%
Glory
53.8%
Independence Day
51.5%
High Fidelity
42.9%

You're not logged in!

Compare scores with friends on all Sporcle quizzes.
Join for Free
OR
Log In

You Might Also Like...

Show Comments

Extras

Top Quizzes Today


Score Distribution

Your Account Isn't Verified!

In order to create a playlist on Sporcle, you need to verify the email address you used during registration. Go to your Sporcle Settings to finish the process.

Report this User

Report this user for behavior that violates our Community Guidelines.

Details: